Bomlik a szegedi szociáldemokrata párt [cáfolat]

Elmentve itt :
Bibliográfiai részletek
Dokumentumtípus: Cikk
Megjelent: 1922-12-23
Sorozat:Délmagyarország 3 No. 232
Kulcsszavak:Szociáldemokrata párt munkásmozgalom 1922
Online Access:http://dmarchiv.bibl.u-szeged.hu/45183
LEADER 00454nab a2200145 i 4500
001 delm45183
005 20180927131923.0
008 180927s1922 hu o 0|| hun d
040 |a SZTE Délmagyarország Archívum  |b hun 
041 |a hun 
245 0 0 |a Bomlik a szegedi szociáldemokrata párt   |h [elektronikus dokumentum] :  |b [cáfolat] 
260 |c 1922-12-23 
300 |a 3 
490 0 |a Délmagyarország  |v 3 No. 232 
695 |a Szociáldemokrata párt munkásmozgalom 1922